000 00661nam a2200205 i 4500
003 IT-RoINE
005 20170721100854.0
008 931202s1956 po |r 001|| spa|d
040 _aES-MaCSI.
_cVL. IT-RoINE
_dA2 0116864
100 1 _aMartins, Mário,
_91461
_cS.I.,
_d1908-1990
245 1 0 _aEstudios de Literatura Medieval /
_cMario Martins S.J.
260 _aBraga :
_bLivraria Cruz,
_c1956.
300 _a536 p., [1] h. de facs. ;
_c23 cm.
336 _2rdacontent
_atext
337 _2rdamedia
_aunmediated
338 _2rdacarrier
_avolume
500 _aIncluye índice.
650 4 _914292
_aLiteratura medieval
_xHistoria y crítica
942 _cMTS
999 _c18798
_d18798